|
|
|
|
| LEADER |
01007nam a2200253 a 4500 |
| 001 |
352618 |
| 008 |
090701s1996 ii ae b 000 0 eng d |
| 020 |
|
|
|a 9971838877
|
| 020 |
|
|
|a 8186767002
|
| 020 |
|
|
|a 0500092680
|
| 082 |
0 |
0 |
|a 720/.92
|2 20
|
| 245 |
1 |
0 |
|a Charles Correa /
|c essay by Sherban Cantacuzino.
|
| 260 |
|
|
|a Bombay,India :
|b Perennial Press,
|c 1996
|
| 300 |
|
|
|a 271 p. :
|b ill. (some col.), plans ;
|c 28 cm.
|
| 490 |
1 |
|
|a Architects of the third world
|
| 504 |
|
|
|a Includes bibliographical references (p. 265-270).
|
| 541 |
1 |
|
|e 00011981
|
| 600 |
1 |
0 |
|a Correa, Charles,
|d 1930-
|
| 650 |
|
0 |
|a Architecture, Modern
|y 20th century
|z India.
|
| 650 |
|
0 |
|a Architecture
|z India.
|
| 700 |
1 |
|
|a Frampton, Kenneth.
|
| 852 |
4 |
|
|a Ayesha Abed Library
|j General shelf
|
| 999 |
|
|
|c 1949
|d 1949
|
| 952 |
|
|
|0 0
|1 0
|2 ddc
|4 0
|6 720_920000000000000_CHA
|7 0
|9 1788
|a BRACUL
|b BRACUL
|c GEN
|d 2009-07-02
|g 0.00
|l 37
|m 219
|o 720.92 CHA
|p 3010011981
|q 2025-12-17
|r 2025-11-05
|s 2025-11-05
|t 1
|w 2009-07-02
|y BK
|x No price found in the accession register.
|